| 000 | 00323nam a2200121Ia 4500 | ||
|---|---|---|---|
| 008 | 190216s9999||||xx |||||||||||||| ||und|| | ||
| 100 | _aGautham M & Abdul Rasheed M | ||
| 245 | 0 | _aSoviet Unitionte Sambathika Charithram | |
| 260 |
_bKerala Bhasha Institute _c1974 |
||
| 300 | _a429p | ||
| 650 | _aEconomics | ||
| 942 | _cBK | ||
| 999 |
_c37821 _d37821 |
||